Brecht
Zapisane w:
| 1. autor: | |
|---|---|
| Format: | Książka |
| Język: | Undetermined |
| Wydane: |
Barcelona, España
Seix
1963
|
| Hasła przedmiotowe: | |
| Etykiety: |
Dodaj etykietę
Nie ma etykietki, Dołącz pierwszą etykiete!
|
MARC
| LEADER | 00000nam a2200000Ia 4500 | ||
|---|---|---|---|
| 008 | 170316s9999 xx 000 0 und d | ||
| 040 | |a cru BVZT | ||
| 090 | |a 830 E-1b | ||
| 100 | |a Egon Holthusen, Hans | ||
| 245 | |a Brecht | ||
| 260 | |a Barcelona, España | ||
| 260 | |b Seix | ||
| 260 | |c 1963 | ||
| 300 | |a 187 páginas | ||
| 650 | |a LITERATURA ALEMANA | ||
| 999 | |c 7307 |d 7307 | ||
| 942 | |c 15 D |h 830 E-1b |2 z | ||
